000
00194 a2200097 4500
020
_a
9781484722916
041
_a
spa
100
_a
Willems, Mo
245
_a
Debo compartir mi helado?
942
_c
BK
999
_c
30445
_d
30443